Missing Word: E-A-S-T-E-R Movies Quiz Stats

 Plays Quiz Updated Apr 21, 2019

Score 0/14 Timer 02:00
0 Plays Today
Movie Missing Word % Correct
____ No Evil, Hear No EvilSee
96.2%
____: The Extra TerrestrialE.T.
96.2%
The Kids ___ AlrightAre
95.4%
____ of EdenEast
93.9%
How to ____ Fried WormsEat
93.6%
Deep Blue ____Sea
91.1%
No ____ for the WickedRest
87.9%
Movie Missing Word % Correct
Play It By ____Ear
87.8%
____ I Lay DyingAs
87.5%
The Men Who ____ at GoatsStare
86.1%
____ RaceRat
54.8%
The ____ of WarArt
40.7%
The ____ of LifeTree
31.9%
____ of the SunTears
25.9%

Today's Daily Dose

Missing Word
Celine Dion

Word Ladder
Dr. Seuss Books

Quick Pick
Cities in India

Get the Picture
'A' Actresses

You're not logged in!

Compare scores with friends on all Sporcle quizzes.
OR
Log In

Sporcle TV

Today on Sporcle TV


Watch our educational content, quiz creation guides, and fun videos on Sporcle TV.

Show Comments

Extras

Top Quizzes Today


Score Distribution

Your Account Isn't Verified!

In order to create a playlist on Sporcle, you need to verify the email address you used during registration. Go to your Sporcle Settings to finish the process.

Report this User

Report this user for behavior that violates our Community Guidelines.

Details: